| 000 | 00535nam a22001577a 4500 | ||
|---|---|---|---|
| 008 | 160201b xxu||||| |||| 00| 0 eng d | ||
| 020 | _a9780071151504 | ||
| 082 |
_223 _a621.4022 |
||
| 100 | _a Çengel, Yunus A. | ||
| 245 |
_a Heat and mass transfer : a practical approach _bHeat and mass transfer : a practical approach _cYunus A. Çengel |
||
| 250 | _ainternational edition | ||
| 260 |
_aNew york: _bMcgraw hill; _cc2003 |
||
| 300 |
_axxvi, 932p: _billustrations; |
||
| 650 |
_2Heat--Transmission _aMass transfer |
||
| 942 |
_2ddc _cBK |
||
| 999 |
_c356008 _d356008 |
||